[Event "DEM U12 2005"]
[Site "Willingen GER"]
[Date "2005.05.17"]
[Round "5"]
[White "Gadschisade, Machmud"]
[Black "Bochis, Julia"]
[Result "1-0"]
[Termination "normal"]
[Board "13"]
[WhiteElo "1676"]
[BlackElo "1461"]
[PlyCount "121"]
[WhiteFideId "4647734"]
[BlackFideId "24647276"]
[EventCountry "GER"]
[EventRounds "11"]
[EventType "swiss"]
[EventDate "2005.05.15"]

1. c4 e5 2. Nc3 Nc6 3. g3 g6 4. Bg2 Bg7 5. e3 f5 6. Nge2 Nf6 7. d4 e4 8. a3 a5
9. Nf4 O-O 10. O-O Kh8 11. Bd2 b6 12. Re1 Re8 13. Ncd5 Ba6 14. Bf1 Ne7 15. Nxe7
Qxe7 16. b4 Bb7 17. Qb3 a4 18. Qc2 d6 19. Rab1 c5 20. bxc5 bxc5 21. d5 Bc8 22.
Rb5 g5 23. Ne2 Bd7 24. Rb7 Reb8 25. Reb1 Qd8 26. Bc3 Rxb7 27. Rxb7 Rb8 28. Qb2
Rxb7 29. Qxb7 Bc8 30. Qb2 Ne8 31. Bxg7+ Nxg7 32. Nc3 Bd7 33. Be2 Qa5 34. Bd1
Kg8 35. Qc2 Kf7 36. Nxa4 Ke7 37. Qc3 Qxc3 38. Nxc3 Kd8 39. Kf1 Kc7 40. Ke2 Kb6
41. Ba4 Bxa4 42. Nxa4+ Ka5 43. Nc3 Ne8 44. Kd2 Nc7 45. g4 Ne8 46. gxf5 Nf6 47.
Nb5 Ne8 48. f6 Nxf6 49. Nxd6 g4 50. Nb5 Kb6 51. Nc3 Kc7 52. Ke2 h5 53. Kf1 Kd6
54. a4 Ke5 55. a5 Nd7 56. a6 Nb6 57. a7 Na8 58. Nb5 Kf6 59. Kg2 Kf5 60. Nd6+
Ke5 61. Nb7 1-0

[Event "DEM U12 2005"]
[Site "Willingen GER"]
[Date "2005.05.17"]
[Round "5"]
[White "Boos, Philipp"]
[Black "Mohr, Fides"]
[Result "0-1"]
[Termination "normal"]
[Board "14"]
[WhiteElo "1586"]
[BlackElo "1476"]
[PlyCount "42"]
[EventCountry "GER"]
[EventRounds "11"]
[EventType "swiss"]
[EventDate "2005.05.15"]

1. d4 d5 2. c4 e6 3. Nc3 c6 4. e3 Nf6 5. Nf3 Nbd7 6. cxd5 cxd5 7. Bd3 a6 8. O-O
Bd6 9. Bd2 O-O 10. Rc1 b6 11. e4 dxe4 12. Nxe4 Be7 13. Qc2 Bb7 14. Ne5 Nxe5 15.
Nxf6+ Bxf6 16. dxe5 Bxe5 17. Bxh7+ Kh8 18. f4 Rc8 19. Qb1 Qxd2 20. Rc2 Bd4+ 21.
Kh1 Bxg2# 0-1

[Event "DEM U12 2005"]
[Site "Willingen GER"]
[Date "2005.05.17"]
[Round "5"]
[White "Stahnecker, Wieland"]
[Black "Meyer, Stephan"]
[Result "1-0"]
[Termination "normal"]
[Board "15"]
[WhiteElo "1576"]
[BlackElo "1395"]
[PlyCount "71"]
[WhiteFideId "4694481"]
[EventCountry "GER"]
[EventRounds "11"]
[EventType "swiss"]
[EventDate "2005.05.15"]

1. e4 c5 2. Nf3 Nc6 3. d4 cxd4 4. Nxd4 Nf6 5. Nc3 e6 6. a3 d6 7. Be2 a6 8. Be3
Qc7 9. O-O b5 10. f4 Bb7 11. Bd3 Rd8 12. Qe1 Be7 13. Qg3 O-O 14. f5 Nxd4 15.
Bxd4 e5 16. Be3 Kh8 17. Qh3 Rd7 18. g4 d5 19. Nxd5 Nxd5 20. exd5 Bxd5 21. f6 e4
22. fxe7 Rxe7 23. Be2 Qxc2 24. Rfe1 Qxb2 25. Bc5 Re6 26. Bxf8 Qd4+ 27. Kh1 Qf2
28. Qg2 Qd4 29. Rad1 Qe5 30. Bb4 f5 31. gxf5 Qxf5 32. Rf1 Qxf1+ 33. Rxf1 Rg6
34. Rf8+ Bg8 35. Qxe4 Rh6 36. Rxg8+ 1-0

[Event "DEM U12 2005"]
[Site "Willingen GER"]
[Date "2005.05.17"]
[Round "5"]
[White "Hartmann, Nicolas"]
[Black "Grünter, Martin"]
[Result "1-0"]
[Termination "normal"]
[Board "16"]
[WhiteElo "1474"]
[BlackElo "1574"]
[PlyCount "95"]
[WhiteFideId "24626481"]
[BlackFideId "24640352"]
[EventCountry "GER"]
[EventRounds "11"]
[EventType "swiss"]
[EventDate "2005.05.15"]

1. e4 c6 2. Nf3 d5 3. Nc3 Bg4 4. h3 Bh5 5. exd5 cxd5 6. g4 Bg6 7. Ne5 a6 8. h4
d4 9. h5 dxc3 10. hxg6 Qd4 11. gxf7+ Kd8 12. dxc3 Qxd1+ 13. Kxd1 Nh6 14. g5 Nf5
15. Ng6 hxg6 16. Rxh8 Nd7 17. Bc4 Kc7 18. Be3 Kc6 19. Ke2 Ne5 20. Bb3 b5 21.
Rd1 Nxe3 22. Kxe3 Kc7 23. Kf4 Nc6 24. Bd5 e6 25. Bxc6 Kxc6 26. Ke4 Kc7 27. Rg8
Rb8 28. b3 Kc6 29. Ke5 Kc7 30. Kxe6 Rb6+ 31. Ke5 Rb8 32. Rd3 Kc6 33. Ke4 Kc7
34. Kf3 Rc8 35. Ke2 Kc6 36. Kd2 Kc7 37. Rd4 Kc6 38. Rd3 Kc7 39. Kc1 Kc6 40. Kb2
Kc7 41. b4 Kc6 42. Kb3 Ra8 43. c4 bxc4+ 44. Kxc4 Rb8 45. a3 Kc7 46. Kb3 Kc6 47.
c4 a5 48. b5+ 1-0

[Event "DEM U12 2005"]
[Site "Willingen GER"]
[Date "2005.05.17"]
[Round "5"]
[White "Kusmierek, Kasper"]
[Black "Kreutzer, Alexander"]
[Result "1-0"]
[Termination "normal"]
[Board "17"]
[WhiteElo "1543"]
[BlackElo "1442"]
[PlyCount "61"]
[BlackFideId "24670685"]
[EventCountry "GER"]
[EventRounds "11"]
[EventType "swiss"]
[EventDate "2005.05.15"]

1. e4 e5 2. Nf3 Nc6 3. Nc3 Nf6 4. d4 exd4 5. Nxd4 Ne5 6. Bf4 Ng6 7. Bg3 Bb4 8.
Bd3 O-O 9. O-O d6 10. Kh1 Ne5 11. Bxe5 dxe5 12. Nf3 Bg4 13. Nd5 Nxd5 14. exd5
Qe7 15. c3 Bc5 16. Qe2 Rfe8 17. Rae1 Bd6 18. h3 Bh5 19. Qe3 Bc5 20. Qxe5 Bxf3
21. Qxe7 Bxg2+ 22. Kxg2 Bxe7 23. Bb5 Kf8 24. Bxe8 Rxe8 25. Re3 Rd8 26. Rfe1 Rd7
27. f4 f6 28. b4 Kf7 29. Kf3 f5 30. Re6 Rd6 31. Rxe7+ 1-0

[Event "DEM U12 2005"]
[Site "Willingen GER"]
[Date "2005.05.17"]
[Round "5"]
[White "Braun, Georg"]
[Black "Lebek, Ricarda"]
[Result "1-0"]
[Termination "normal"]
[Board "19"]
[WhiteElo "1493"]
[BlackElo "1394"]
[PlyCount "81"]
[WhiteFideId "24629383"]
[BlackFideId "4624688"]
[EventCountry "GER"]
[EventRounds "11"]
[EventType "swiss"]
[EventDate "2005.05.15"]

1. e4 e6 2. d4 d5 3. Nc3 Bb4 4. e5 c5 5. a3 Bxc3+ 6. bxc3 Ne7 7. Qg4 O-O 8. Bd3
f5 9. exf6 Rxf6 10. Bg5 Nd7 11. Bxf6 Nxf6 12. Qe2 c4 13. Bxc4 dxc4 14. Qxc4
Nfd5 15. Ne2 Qa5 16. O-O Bd7 17. Qd3 Rc8 18. c4 Nb6 19. c5 Na4 20. Rfe1 Nd5 21.
c4 Ndc3 22. Nf4 Nb2 23. Qh3 Nxc4 24. d5 Qd8 25. Qxc3 Rxc5 26. Nxe6 Bxe6 27.
dxe6 b6 28. e7 Qe8 29. Rad1 Nd6 30. Qe3 Rc6 31. Qe6+ Qf7 32. e8=Q+ Nxe8 33.
Qxe8+ Qxe8 34. Rxe8+ Kf7 35. Ra8 Rc7 36. h3 a5 37. Rb8 Rc6 38. Rb1 Rc3 39.
R1xb6 Rxa3 40. R8b7+ Kg8 41. Ra6 1-0

[Event "DEM U12 2005"]
[Site "Willingen GER"]
[Date "2005.05.17"]
[Round "5"]
[White "Jussupow, Alexander"]
[Black "Weissbeck, Simon"]
[Result "0-1"]
[Termination "normal"]
[Board "20"]
[WhiteElo "1943"]
[BlackElo "1439"]
[PlyCount "98"]
[WhiteFideId "24613509"]
[BlackFideId "24646865"]
[EventCountry "GER"]
[EventRounds "11"]
[EventType "swiss"]
[EventDate "2005.05.15"]

1. d4 Nf6 2. Nf3 g6 3. c4 Bg7 4. Nc3 O-O 5. Bg5 d6 6. e3 Nbd7 7. Be2 h6 8. Bh4
e5 9. dxe5 dxe5 10. O-O c6 11. Qc2 Qe7 12. Rad1 a5 13. Rd2 Nc5 14. Bg3 Bf5 15.
Qc1 Nfe4 16. Nxe4 Nxe4 17. Rdd1 Rfd8 18. Nh4 Nxg3 19. hxg3 Be6 20. Nf3 Bg4 21.
Qc2 c5 22. Nh2 Bxe2 23. Qxe2 e4 24. Rfe1 Qe5 25. b3 Qb2 26. Qg4 Rxd1 27. Rxd1
Qxa2 28. Qxe4 Qxb3 29. Rb1 Qa4 30. Qxb7 Qe8 31. Qb3 a4 32. Qa3 Qe4 33. Rc1 Qe5
34. Rb1 Ra5 35. Nf3 Qc3 36. Qa2 a3 37. Ne1 Ra4 38. Nc2 Rxc4 39. Nxa3 Ra4 40.
Rb8+ Bf8 41. Rb3 Qc1+ 42. Kh2 c4 43. Rb7 Qxa3 44. Qe2 Qa2 45. Qf3 c3 46. Rc7
Ra5 47. g4 Bd6+ 48. g3 Bxc7 49. Kg2 Qd5 0-1

[Event "DEM U12 2005"]
[Site "Willingen GER"]
[Date "2005.05.17"]
[Round "5"]
[White "Risius, Philipp"]
[Black "Weber, Raphael"]
[Result "1/2-1/2"]
[Termination "normal"]
[Board "21"]
[WhiteElo "1429"]
[BlackElo "1721"]
[PlyCount "53"]
[WhiteFideId "24630330"]
[BlackFideId "24644110"]
[EventCountry "GER"]
[EventRounds "11"]
[EventType "swiss"]
[EventDate "2005.05.15"]

1. e4 e5 2. Nf3 Nc6 3. Bc4 Be7 4. d4 exd4 5. Nxd4 Nf6 6. Nc3 Ne5 7. Bb3 d6 8.
h3 O-O 9. O-O Re8 10. Nf3 Ng6 11. Re1 h6 12. Nd5 Bf8 13. Nc3 c6 14. e5 dxe5 15.
Qxd8 Rxd8 16. Nxe5 Nxe5 17. Rxe5 Bd6 18. Re2 b6 19. Be3 Ba6 20. Rd2 Bb4 21.
Rad1 Rxd2 22. Bxd2 Rd8 23. Bf4 Rxd1+ 24. Nxd1 Bb7 25. Ne3 Bc5 26. Kf1 b5 27. c3
1/2-1/2

[Event "DEM U12 2005"]
[Site "Willingen GER"]
[Date "2005.05.17"]
[Round "5"]
[White "Berchtenbreiter, Maximilian"]
[Black "Wapenhans, Martin"]
[Result "0-1"]
[Termination "normal"]
[Board "22"]
[WhiteElo "1631"]
[BlackElo "1416"]
[PlyCount "112"]
[WhiteFideId "24641120"]
[EventCountry "GER"]
[EventRounds "11"]
[EventType "swiss"]
[EventDate "2005.05.15"]

1. e4 c5 2. c3 d5 3. exd5 Qxd5 4. d4 Nf6 5. Nf3 Bg4 6. Be2 e6 7. Be3 cxd4 8.
cxd4 Nc6 9. O-O Bb4 10. a3 Ba5 11. b4 Bb6 12. Nc3 Qd6 13. Rc1 O-O 14. Qd2 Rac8
15. Rfd1 Rfd8 16. Na4 Ne7 17. Bf4 Qd5 18. Nxb6 axb6 19. Bc7 Re8 20. Bxb6 Qb3
21. Qe3 Qxe3 22. fxe3 Ned5 23. Bc5 Nxe3 24. Re1 Nfd5 25. Bb5 Red8 26. Rb1 Nc2
27. Ne5 Bf5 28. Bd7 Nxe1 29. Rxe1 Ra8 30. g4 Bg6 31. b5 b6 32. Bc6 Ra4 33. Bxd5
bxc5 34. Nc6 Rxd5 35. Ne7+ Kf8 36. Nxd5 exd5 37. dxc5 Rxa3 38. b6 Rb3 39. Rc1
Ke8 40. c6 Kd8 41. Ra1 Rxb6 42. Ra8+ Kc7 43. Rg8 Kxc6 44. Rxg7 d4 45. h4 h5 46.
gxh5 Bxh5 47. Rh7 Rb5 48. Kf2 Re5 49. Rh8 Kd7 50. Ra8 d3 51. Ra2 Re2+ 52. Rxe2
dxe2 53. Kg2 e1=Q 54. Kh3 Ke6 55. Kh2 Kf5 56. Kg2 Kf4 0-1

[Event "DEM U12 2005"]
[Site "Willingen GER"]
[Date "2005.05.17"]
[Round "5"]
[White "Marx, Joschka"]
[Black "Ma, Beini"]
[Result "0-1"]
[Termination "normal"]
[Board "23"]
[WhiteElo "1419"]
[BlackElo "1630"]
[PlyCount "98"]
[WhiteFideId "24645869"]
[BlackFideId "24630101"]
[EventCountry "GER"]
[EventRounds "11"]
[EventType "swiss"]
[EventDate "2005.05.15"]

1. e4 c5 2. Nf3 d6 3. d4 cxd4 4. Nxd4 Nf6 5. Nc3 a6 6. f3 e5 7. Nb3 Be6 8. Be3
b5 9. Bd3 Nbd7 10. O-O Nb6 11. Nd2 Rc8 12. Ne2 d5 13. exd5 Nfxd5 14. Bf2 Nb4
15. Nb3 Nxd3 16. Qxd3 Qxd3 17. cxd3 Na4 18. Rab1 Rc2 19. Ng3 Rxb2 20. Rxb2 Nxb2
21. d4 Bd6 22. Ne4 Bc7 23. Rc1 Bc4 24. d5 Nd3 25. Rc3 Nxf2 26. Nxf2 Bb6 27. d6
Kd7 28. Nd2 Rc8 29. a4 Be2 30. Rxc8 Kxc8 31. axb5 axb5 32. g3 Kd7 33. Kg2 Bxf2
34. Kxf2 Bc4 35. Ne4 Bd5 36. Nc3 Bc6 37. Ke3 Kxd6 38. f4 e4 39. g4 Kc5 40. Kd2
b4 41. Ne2 Kc4 42. Kc2 Ba4+ 43. Kb2 Kd3 44. Nc1+ Kd2 45. h4 e3 46. f5 e2 47.
Nxe2 Kxe2 48. g5 f6 49. h5 h6 0-1

[Event "DEM U12 2005"]
[Site "Willingen GER"]
[Date "2005.05.17"]
[Round "5"]
[White "Iwanziw, Niklas"]
[Black "Bräuer, Franz"]
[Result "1-0"]
[Termination "normal"]
[Board "24"]
[WhiteElo "1406"]
[BlackElo "1546"]
[PlyCount "123"]
[WhiteFideId "24647101"]
[BlackFideId "24634468"]
[EventCountry "GER"]
[EventRounds "11"]
[EventType "swiss"]
[EventDate "2005.05.15"]

1. d4 Nf6 2. c4 e6 3. Nf3 d5 4. Bg5 Be7 5. e3 c6 6. Nc3 Nbd7 7. cxd5 exd5 8.
Bd3 O-O 9. Qc2 h6 10. Bh4 Re8 11. Nd2 c5 12. O-O c4 13. Be2 Nf8 14. b3 cxb3 15.
Nxb3 Be6 16. Qb2 b6 17. Bg3 a6 18. a4 Bd6 19. Bxd6 Qxd6 20. Bd3 Bd7 21. Rfc1
Bc6 22. Nd2 N8d7 23. h3 Bb7 24. Qb3 Rac8 25. Rc2 Qb8 26. Rac1 Qa8 27. Nf1 g6
28. Ng3 Kg7 29. Be2 Qb8 30. Bf3 Qa8 31. Nge2 Red8 32. Nf4 Ne4 33. Ncxd5 Nd2 34.
Qa2 Nxf3+ 35. gxf3 Rxc2 36. Rxc2 Bxd5 37. Qxd5 Qxd5 38. Nxd5 b5 39. axb5 axb5
40. Rb2 Rb8 41. Kf1 Nf6 42. Nc7 b4 43. Na6 Rb6 44. Nxb4 Nd5 45. Nd3 Ra6 46. Kg2
Ne7 47. Rb7 Nc6 48. Nb4 Ra7 49. Rxa7 Nxa7 50. h4 h5 51. e4 Kf6 52. f4 Nb5 53.
Nc2 Ke6 54. f3 f5 55. Kf2 Nc3 56. Ke3 Nd1+ 57. Kd2 Nf2 58. Ke2 Nh3 59. Ke3 Ng1
60. Nb4 Kd6 61. e5+ Ke6 62. d5+ 1-0

[Event "DEM U12 2005"]
[Site "Willingen GER"]
[Date "2005.05.17"]
[Round "5"]
[White "Tantzen, Cedric"]
[Black "Lingl, Xenia"]
[Result "0-1"]
[Termination "normal"]
[Board "25"]
[WhiteElo "1538"]
[BlackElo "1363"]
[PlyCount "96"]
[WhiteFideId "24640018"]
[EventCountry "GER"]
[EventRounds "11"]
[EventType "swiss"]
[EventDate "2005.05.15"]

1. e4 e5 2. Nf3 Nc6 3. Bb5 a6 4. Bxc6 dxc6 5. O-O Bd6 6. d4 Qe7 7. dxe5 Bxe5 8.
Nxe5 Qxe5 9. f4 Qc5+ 10. Kh1 Bd7 11. Nc3 Ne7 12. Qf3 Ng6 13. Be3 Qe7 14. f5 Ne5
15. Qg3 Rg8 16. f6 Qe6 17. fxg7 O-O-O 18. Bf4 f6 19. Bxe5 Qxe5 20. Qxe5 fxe5
21. Rf7 Be6 22. Re7 Rde8 23. Rxe8+ Rxe8 24. Rf1 Rg8 25. Rf8+ Kd7 26. Rxg8 Bxg8
27. Ne2 Ke7 28. b3 Kf6 29. g3 Kxg7 30. Kg2 Kf6 31. Nc3 b5 32. b4 Bf7 33. Nb1
Bxa2 34. Nd2 Ke6 35. g4 Kd6 36. h4 c5 37. bxc5+ Kxc5 38. g5 a5 39. h5 a4 40. g6
hxg6 41. Nb3+ axb3 42. h6 bxc2 43. h7 c1=Q 44. h8=Q Qf4 45. Qa8 Bb1 46. Qd5+
Kb4 47. Qd8 Bxe4+ 48. Kg1 Qg3+ 0-1

[Event "DEM U12 2005"]
[Site "Willingen GER"]
[Date "2005.05.17"]
[Round "5"]
[White "Ohnmacht, Simon"]
[Black "Schätz, Annika"]
[Result "0-1"]
[Termination "normal"]
[Board "26"]
[WhiteElo "1516"]
[BlackElo "1386"]
[PlyCount "54"]
[WhiteFideId "24672980"]
[BlackFideId "24674796"]
[EventCountry "GER"]
[EventRounds "11"]
[EventType "swiss"]
[EventDate "2005.05.15"]

1. e4 c5 2. Nf3 d6 3. d4 cxd4 4. Nxd4 Nf6 5. Nc3 g6 6. Bc4 Bg7 7. f3 O-O 8. Be3
Nc6 9. Qd2 Bd7 10. h4 h5 11. O-O-O Rc8 12. Bb3 Ne5 13. Bh6 Nc4 14. Bxc4 Rxc4
15. Bxg7 Kxg7 16. g4 Qa5 17. a3 Rfc8 18. Nb3 Qb6 19. Rdg1 Ba4 20. gxh5 Nxh5 21.
Rg5 Rh8 22. Nd5 Qxb3 23. Rh2 Qa2 24. Kd1 Rxc2 25. Qd4+ e5 26. Rxg6+ fxg6 27.
Qb4 Qb1# 0-1

[Event "DEM U12 2005"]
[Site "Willingen GER"]
[Date "2005.05.17"]
[Round "5"]
[White "Lindner, Robert"]
[Black "Höfer, Michael"]
[Result "1/2-1/2"]
[Termination "normal"]
[Board "27"]
[WhiteElo "1391"]
[BlackElo "1507"]
[PlyCount "61"]
[WhiteFideId "24658847"]
[BlackFideId "24668850"]
[EventCountry "GER"]
[EventRounds "11"]
[EventType "swiss"]
[EventDate "2005.05.15"]

1. e4 c5 2. c3 Nc6 3. d4 e6 4. d5 exd5 5. exd5 Qe7+ 6. Qe2 Qxe2+ 7. Bxe2 Ne5 8.
Bf4 Bd6 9. Bg3 Ne7 10. Nf3 Nxf3+ 11. Bxf3 Bxg3 12. hxg3 d6 13. O-O Ng6 14. Re1+
Ne5 15. Bd1 O-O 16. b3 Bd7 17. f4 Ng6 18. Na3 b5 19. Be2 a6 20. c4 b4 21. Nc2
Rfe8 22. Bf3 Bf5 23. Ne3 Bd7 24. Nf1 Rxe1 25. Rxe1 Re8 26. Rxe8+ Bxe8 27. Bg4
Kf8 28. Ne3 Ne7 29. Kf2 g6 30. Ke2 Kg7 31. Kd3 1/2-1/2

[Event "DEM U12 2005"]
[Site "Willingen GER"]
[Date "2005.05.17"]
[Round "5"]
[White "Pantusenko, Valeria"]
[Black "Gheng, Hannelore"]
[Result "1/2-1/2"]
[Termination "normal"]
[Board "28"]
[WhiteElo "1459"]
[BlackElo "1233"]
[PlyCount "101"]
[WhiteFideId "4662920"]
[EventCountry "GER"]
[EventRounds "11"]
[EventType "swiss"]
[EventDate "2005.05.15"]

1. e4 c5 2. Nf3 Nc6 3. d4 cxd4 4. Nxd4 g6 5. Nc3 Bg7 6. Be3 Nf6 7. Be2 O-O 8.
Qd2 d5 9. Nxc6 bxc6 10. e5 Nd7 11. f4 Nb6 12. b3 f5 13. O-O e6 14. Bc5 Rf7 15.
Bd1 Ba6 16. Rf3 Rd7 17. Qd4 Bf8 18. Be2 Bxc5 19. Qxc5 Bxe2 20. Nxe2 Rc7 21. Nd4
Nd7 22. Qd6 Nf8 23. Rc3 Qb8 24. Nxc6 Qb6+ 25. Kh1 Kg7 26. b4 Rd7 27. Qc5 Rc8
28. Qxb6 axb6 29. b5 d4 30. Rd3 Kf7 31. Nxd4 Rxc2 32. Nxc2 Rxd3 33. a4 Nd7 34.
Kg1 Nc5 35. Kf1 Nb3 36. Re1 Rc3 37. Re2 Rc4 38. g3 Rxa4 39. Re3 Nd4 40. Nxd4
Rxd4 41. Rb3 Rd5 42. Ke2 Ke7 43. h3 h5 44. Kf3 Kf7 45. g4 fxg4+ 46. hxg4 h4 47.
g5 h3 48. Kg3 Rd4 49. Kxh3 Rxf4 50. Kg3 Rf5 51. Rf3 1/2-1/2

[Event "DEM U12 2005"]
[Site "Willingen GER"]
[Date "2005.05.17"]
[Round "5"]
[White "Kormann, Jewgenija"]
[Black "Wilke, Friedrich"]
[Result "0-1"]
[Termination "normal"]
[Board "29"]
[WhiteElo "1210"]
[BlackElo "1458"]
[PlyCount "120"]
[WhiteFideId "24606669"]
[EventCountry "GER"]
[EventRounds "11"]
[EventType "swiss"]
[EventDate "2005.05.15"]

1. e4 g6 2. Nf3 Bg7 3. Nc3 c6 4. Bc4 e6 5. Qe2 Ne7 6. O-O d5 7. Bb3 O-O 8. d4
b6 9. exd5 Ba6 10. Bc4 Bxc4 11. Qxc4 exd5 12. Qd3 Nf5 13. Ne2 Re8 14. c3 Nd7
15. Bd2 Nf6 16. Bg5 a5 17. Rfe1 Ra7 18. Nf4 Rae7 19. Rxe7 Qxe7 20. Qd2 Qd7 21.
Re1 Ne4 22. Qc1 f6 23. Bh4 Nxh4 24. Nxh4 g5 25. f3 Nd6 26. Nh5 gxh4 27. Nxg7
Kxg7 28. h3 Nc4 29. Rxe8 Qxe8 30. b3 Qe3+ 31. Qxe3 Nxe3 32. a3 c5 33. dxc5 bxc5
34. f4 Nd1 35. b4 c4 36. b5 d4 37. b6 dxc3 38. b7 c2 39. b8=Q c1=Q 40. Qc7+ Kg6
41. f5+ Kh6 42. Qc5 Qe3+ 43. Qxe3+ Nxe3 44. Kf2 Nxg2 45. Ke2 Nf4+ 46. Kd2 Nxh3
47. Kc3 Nf4 48. Kxc4 h3 49. Kb5 h2 50. Kxa5 h1=Q 51. a4 Kg5 52. Ka6 h5 53. a5
Qa8+ 54. Kb6 h4 55. a6 h3 56. a7 h2 57. Kc7 h1=Q 58. Kb6 Kxf5 59. Ka6 Kg5 60.
Kb6 Nd5+ 0-1

[Event "DEM U12 2005"]
[Site "Willingen GER"]
[Date "2005.05.17"]
[Round "5"]
[White "Mertens, Fridolin"]
[Black "Dürre, Gregor"]
[Result "1/2-1/2"]
[Termination "normal"]
[Board "30"]
[WhiteElo "1443"]
[BlackElo "1319"]
[PlyCount "54"]
[WhiteFideId "24671940"]
[EventCountry "GER"]
[EventRounds "11"]
[EventType "swiss"]
[EventDate "2005.05.15"]

1. e4 c5 2. Nf3 Nc6 3. d4 cxd4 4. Nxd4 Nf6 5. Nc3 e5 6. Ndb5 d6 7. a4 a6 8. Na3
Be6 9. Bg5 Be7 10. Bxf6 Bxf6 11. Nc4 Be7 12. Ne3 Bg5 13. Ned5 O-O 14. Be2 Kh8
15. O-O Nd4 16. Bc4 Rc8 17. Bb3 f5 18. exf5 Bxf5 19. f4 Bh6 20. Rf2 Qh4 21. g3
Qh3 22. Ne7 Bg4 23. Qd3 Rce8 24. Ned5 Bf5 25. Qd1 Bg4 26. Qd3 Bf5 27. Qd1 Bg4
1/2-1/2

[Event "DEM U12 2005"]
[Site "Willingen GER"]
[Date "2005.05.17"]
[Round "5"]
[White "Begeluri, Nino"]
[Black "März, Julian"]
[Result "0-1"]
[Termination "normal"]
[Board "31"]
[WhiteElo "1167"]
[BlackElo "1439"]
[PlyCount "48"]
[BlackFideId "24646172"]
[EventCountry "GER"]
[EventRounds "11"]
[EventType "swiss"]
[EventDate "2005.05.15"]

1. e4 c5 2. Nf3 Nc6 3. d4 cxd4 4. Nxd4 d6 5. Nc3 Nf6 6. Be2 e6 7. Ndb5 a6 8.
Nd4 Be7 9. Be3 O-O 10. O-O Qc7 11. Bf3 Ne5 12. Re1 Nxf3+ 13. Qxf3 Re8 14. Rad1
Bd7 15. Qe2 Rac8 16. Bg5 Qc4 17. Qxc4 Rxc4 18. f4 d5 19. Nb3 Bc6 20. exd5 exd5
21. Bxf6 gxf6 22. Nxd5 Bxd5 23. Rxd5 Bc5+ 24. Kf1 Rxf4# 0-1

[Event "DEM U12 2005"]
[Site "Willingen GER"]
[Date "2005.05.17"]
[Round "5"]
[White "Orhan, Eda"]
[Black "Billing, Alexander"]
[Result "0-1"]
[Termination "normal"]
[Board "32"]
[WhiteElo "1366"]
[BlackElo "1728"]
[PlyCount "86"]
[WhiteFideId "24659258"]
[BlackFideId "24624420"]
[EventCountry "GER"]
[EventRounds "11"]
[EventType "swiss"]
[EventDate "2005.05.15"]

1. e4 e6 2. d4 d5 3. Nc3 Bb4 4. e5 c5 5. Bd2 cxd4 6. Nb5 Bxd2+ 7. Qxd2 Nc6 8.
Nf3 Nh6 9. Nd6+ Kf8 10. Qf4 Qa5+ 11. Qd2 Qxd2+ 12. Kxd2 Ng4 13. Bb5 Ngxe5 14.
Nxe5 Nxe5 15. Rad1 Ke7 16. Nxc8+ Rhxc8 17. Kc1 Rc5 18. Ba4 d3 19. Kb1 dxc2+ 20.
Bxc2 Rac8 21. Bb3 b5 22. Rhe1 Nc4 23. Bxc4 Rxc4 24. Rxd5 Rc1+ 25. Rxc1 Rxc1+
26. Kxc1 exd5 27. Kd2 Kd6 28. Kc3 a5 29. Kd4 f6 30. f3 g5 31. g4 h6 32. h3 b4
33. b3 Kc6 34. Kd3 Kd7 35. Ke3 Ke6 36. Kd4 Kd6 37. Kd3 Ke5 38. Ke3 d4+ 39. Kd3
Kf4 40. Kxd4 Kxf3 41. Kd5 Kg3 42. Ke4 Kxh3 43. Kf5 Kh4 0-1

[Event "DEM U12 2005"]
[Site "Willingen GER"]
[Date "2005.05.17"]
[Round "5"]
[White "Dorn, Carina"]
[Black "Wild, Katharina"]
[Result "1/2-1/2"]
[Termination "normal"]
[Board "33"]
[WhiteElo "1554"]
[BlackElo "1294"]
[PlyCount "83"]
[WhiteFideId "24666335"]
[BlackFideId "24678015"]
[EventCountry "GER"]
[EventRounds "11"]
[EventType "swiss"]
[EventDate "2005.05.15"]

1. d4 Nf6 2. Bg5 e6 3. c4 Bb4+ 4. Nc3 Bxc3+ 5. bxc3 c5 6. d5 d6 7. Nf3 h6 8.
Bxf6 Qxf6 9. Qc2 O-O 10. e3 Nd7 11. Bd3 Nb6 12. e4 Bd7 13. O-O Rab8 14. Rfb1
Na4 15. Rb3 a6 16. Rab1 b5 17. a3 Rb6 18. cxb5 axb5 19. c4 exd5 20. exd5 bxc4
21. Bxc4 Rxb3 22. Qxb3 Rc8 23. Qb7 Bf5 24. Re1 Nb2 25. Bb5 c4 26. Bd7 Bxd7 27.
Qxd7 Qd8 28. Qf5 c3 29. Rc1 Rc5 30. Nd4 Qg5 31. Qxg5 hxg5 32. Ne2 Rxd5 33. Nxc3
Rc5 34. Ne2 Rxc1+ 35. Nxc1 Kf8 36. Kf1 d5 37. Ke2 Ke7 38. Ke3 Kd6 39. Kd4 f5
40. Nd3 Nc4 41. a4 Na5 42. Nb4 1/2-1/2

[Event "DEM U12 2005"]
[Site "Willingen GER"]
[Date "2005.05.17"]
[Round "5"]
[White "Kreiter, Thomas"]
[Black "Wolf, Isaak"]
[Result "1-0"]
[Termination "normal"]
[Board "34"]
[WhiteElo "1312"]
[BlackElo "1470"]
[PlyCount "57"]
[WhiteFideId "24645591"]
[EventCountry "GER"]
[EventRounds "11"]
[EventType "swiss"]
[EventDate "2005.05.15"]

1. e4 d5 2. exd5 Qxd5 3. Nc3 Qa5 4. Nf3 Bg4 5. h3 Bxf3 6. Qxf3 c6 7. Bc4 e6 8.
d3 Nf6 9. Bg5 Nbd7 10. Bf4 Bb4 11. Bd2 O-O 12. O-O Qc7 13. a3 Bd6 14. Ne4 Nxe4
15. Qxe4 Nf6 16. Qf3 Be5 17. c3 Nd5 18. d4 Bd6 19. Rfe1 Rfd8 20. Re4 Nf6 21.
Rh4 Be7 22. Bf4 Qd7 23. Re1 Nd5 24. Rg4 Nxf4 25. Qxf4 g6 26. Re3 h5 27. Rxg6+
fxg6 28. Bxe6+ Qxe6 29. Rxe6 1-0

[Event "DEM U12 2005"]
[Site "Willingen GER"]
[Date "2005.05.17"]
[Round "5"]
[White "Cornish, Alexander"]
[Black "Schwarzat, Julian"]
[Result "1-0"]
[Termination "normal"]
[Board "35"]
[WhiteElo "1466"]
[BlackElo "1185"]
[PlyCount "166"]
[BlackFideId "24675857"]
[EventCountry "GER"]
[EventRounds "11"]
[EventType "swiss"]
[EventDate "2005.05.15"]

1. d4 d5 2. c4 dxc4 3. Nc3 Nf6 4. e4 e6 5. Be3 Bb4 6. Qc2 Nbd7 7. Bxc4 b6 8. a3
Bxc3+ 9. bxc3 Bb7 10. f3 Qe7 11. Ne2 O-O 12. O-O c5 13. Bg5 Qe8 14. Bf4 e5 15.
Bg3 Nh5 16. d5 Nxg3 17. Nxg3 g6 18. Rfd1 Nf6 19. a4 Bc8 20. Qd2 Bd7 21. Qc2 Kg7
22. Qb3 Rb8 23. Bb5 Bxb5 24. axb5 Rb7 25. c4 Qd7 26. Qc3 Qd6 27. Ra6 Nd7 28. f4
f6 29. f5 g5 30. Nh5+ Kf7 31. Rda1 Ra8 32. Qg3 Qf8 33. h4 h6 34. hxg5 hxg5 35.
Qd3 Qd6 36. Ng3 Rc7 37. Qf3 Qf8 38. Qh5+ Kg8 39. Kf2 Qf7 40. Qg4 Kf8 41. Rh1
Ke7 42. Qd1 Kd6 43. Rh6 Rcc8 44. Qa1 Rc7 45. Qh1 Rcc8 46. Rh7 Qe8 47. Nf1 Qg8
48. Ne3 Re8 49. Ng4 Re7 50. Rh6 Rf7 51. Rg6 Qf8 52. Qa1 Qb8 53. Nh6 Rf8 54. Qa2
Qb7 55. Qd2 Qc8 56. Qxg5 Kc7 57. Qd2 Kd6 58. Rg7 Qe8 59. Qa2 Qh5 60. Qd2 Qh4+
61. Kg1 Qh5 62. Rg6 Qh4 63. Qe3 Kc7 64. Ra1 Rh8 65. d6+ Kc8 66. Rg8+ Rxg8 67.
Nxg8 Kd8 68. Ne7 Ke8 69. Ng6 Qh7 70. Qd2 Qg8 71. Kf2 Nf8 72. Qh6 Nxg6 73. Qxg6+
Qxg6 74. fxg6 Kd7 75. g7 Kxd6 76. Rxa7 Rg8 77. Rb7 Rd8 78. Rxb6+ Ke7 79. Rc6
Rg8 80. b6 Kd7 81. Rxc5 Kd6 82. Rb5 Rxg7 83. b7 Rxb7 1-0